000 00355nam a2200133Ia 4500
008 240624s9999 xx 000 0 und d
041 _aeng
082 _a659.1 GRI
100 _aGRIFFITHS ANDREW
245 _a101 WAYS TO ADVERTISE YOUR BUSINESS BUIL
260 _c2007
_aNew Delhi
_bAllen & Unwin
300 _axvi, : 239 : p. : cm. ; 20
365 _cRS
_b32
999 _c7607
_d7607